000 00900cam a2200313 a 4500
001 60122
003 CO-BoRNBP
005 20251211164011.0
007 ta
008 910607s1991 ck r 00010dspa d
020 _a9589232078
040 _ala
_cla
041 0 _aspa
082 0 4 _aA860.4
_bC15b
_219 ed.
100 1 _aCanto, Estela,
_d1920-1994
_967814
245 1 0 _aBorges a contraluz /
_cEstela Canto.
250 _a1a. edición
300 _a231 p. ;
_c22 cm.
336 _2rdacontent
_atexto
_btxt
337 _2rdamedia
_asin mediación
_bn
338 _2rdacarrier
_avolumen
_bnc
500 _aColección Darío Achury Valenzuela.
600 1 7 _aBorges, Jorge Luis,
_d1899-1986
_xCrítica e interpretación.
_967815
650 _2LEMB
830 0 _aDarío Achury Valenzuela-Colección
_967604
830 0 _aBernardo Ramírez-Colección 1
942 _2ddc
_cBK
949 _an
_bn
999 _c60122
_d60122